| 000 | 00844cam a2200229 04500 | ||
|---|---|---|---|
| 001 | 45371 | ||
| 090 | _a45371 | ||
| 100 | _a19840901d1984 m y0pory5003 ba | ||
| 101 | 1 | _apor | |
| 102 | _aPT | ||
| 200 | 1 |
_aO caso das garras de veludo ; _aO caso do cão uivador _fErle Stanley Gardner _gtrad. Hamilcar de Garcia, Sónia Guimaräes [respectivamente] |
|
| 210 | 9 |
_aLisboa _cLivros do Brasil, _d[D.L. 1984] |
|
| 215 |
_a381, [2] p. _d21 cm |
||
| 225 | 2 |
_aVampiro gigante. _iObras de Erle Stanley Gardner _v13 |
|
| 304 | _aTít. orig. The case of the velvet claws; The case of the howing dog | ||
| 517 | 1 | _aO caso do cäo uivador | |
| 675 |
_a821.111(73)-312.4"19" _vBN _zpor |
||
| 700 | 1 |
_aGardner, _bErle Stanley, _f1889-1970 |
|
| 702 | 1 |
_aGarcia, _bHamílcar de, _f1913-1991 _4730 |
|
| 702 | 1 |
_aGuimarães, _bSónia _4730 |
|
| 801 | 0 |
_aPT _bBN _gRPC |
|
| 990 | _cLIVROS | ||